000 00339nam a2200145Ia 4500
005 20250318022948.0
008 240331s9999 xx 000 0 und d
082 _bKRI
_a894
100 _aKrishnan, R
245 0 _aMaari marip pinnum
260 _aChennai
_bDhagam
_c1996
300 _a284 p .,
650 _aTamil Social Novel
942 _cL
999 _c4030
_d4030